Собрание сочинений (Запись № 6961368)
[ простой вид ]
| 000 -МАРКЕР | |
|---|---|
| контрольное поле | 00948nam1a22002411i 4500 |
| 001 - ИДЕНТИФИКАТОР ЗАПИСИ | |
| контрольное поле | rc\1189245 |
| 005 - ИДЕНТИФИКАТОР ВЕРСИИ | |
| контрольное поле | 20260405140042.0 |
| 035 ## - ДРУГИЕ СИСТЕМНЫЕ НОМЕРА | |
| Идентификатор записи | (NLR Aleph) 005974023 |
| 100 ## - ДАННЫЕ ОБЩЕЙ ОБРАБОТКИ | |
| Данные общей обработки | 20060320g19829999u |0rusy50 ca |
| 101 0# - ЯЗЫК РЕСУРСА | |
| Язык текста, звукозаписи и т.д. | русский |
| 102 ## - СТРАНА ПУБЛИКАЦИИ ИЛИ ПРОИЗВОДСТВА | |
| Страна публикации | российская федерация |
| 105 ## - ПОЛЕ КОДИРОВАННЫХ ДАННЫХ: ТЕКСТОВЫЕ МАТЕРИАЛЫ, МОНОГРАФИЧЕСКИЕ | |
| Кодированные данные о монографическом текстовом документе | y ||||||||| |
| 200 1# - ЗАГЛАВИЕ И СВЕДЕНИЯ ОБ ОТВЕТСТВЕННОСТИ | |
| Основное заглавие | Собрание сочинений |
| Сведения, относящиеся к заглавию | В 5 т. |
| Первые сведения об ответственности | [Редкол.: С.А. Герасимов (гл. ред.) и др.] |
| 210 ## - ПУБЛИКАЦИЯ, РАСПРОСТРАНЕНИЕ И ДР. | |
| Место издания, распространения и т.д. | Л. |
| Имя издателя, распространителя и т. д. | Искусство. Ленингр. отд-ние |
| Дата издания, распространения и т.д. | 1982- |
| 215 ## - ФИЗИЧЕСКАЯ ХАРАКТЕРИСТИКА | |
| Размеры | 21 |
| 700 #1 - ИМЯ ЛИЦА - ПЕРВИЧНАЯ ОТВЕТСТВЕННОСТЬ | |
| Начальный элемент ввода | Козинцев |
| Часть имени, кроме начального элемента ввода | Г. М. |
| Дополнения к именам, кроме дат | режиссер |
| Даты | 1905-1973 |
| Расширение инициалов личного имени | Григорий Михайлович |
| Системный номер авторитетной/нормативной записи | 204042 |
| Идентификатор авторитетной/нормативной записи | RU\NLR\AUTH\770204093 |
| 702 #1 - ИМЯ ЛИЦА - ВТОРИЧНАЯ ОТВЕТСТВЕННОСТЬ | |
| Код отношения | Редактор |
| Материалы, к которым относится поле | rus |
| Графика поля | Кириллица |
| Начальный элемент ввода | Герасимов |
| Часть имени, кроме начального элемента ввода | С. А. |
| Дополнения к именам, кроме дат | кинорежиссер |
| Даты | 1906-1985 |
| Расширение инициалов личного имени | Сергей Аполлинариевич |
| Идентификатор авторитетной/нормативной записи | RU\NLR\AUTH\7756349 |
| Системный номер авторитетной/нормативной записи | 39281 |
| 801 #0 - ИСТОЧНИК ЗАПИСИ | |
| Страна | российская федерация |
| Организация | NLR |
| Правила каталогизации | psbo |
| 801 #1 - ИСТОЧНИК ЗАПИСИ | |
| Страна | российская федерация |
| Организация | ELAR |
| Источник данных | rusmarc |
| 852 ## - МЕСТОНАХОЖДЕНИЕ И ШИФР ХРАНЕНИЯ | |
| Идентификатор организации | NLR |
| Шифр хранения (Call Number) | 83-3/1075 |
| 942 ## - ДОПОЛНИТЕЛЬНЫЕ ЭЛЕМЕНТЫ ЗАПИСИ (АБИС) | |
| Тип экземпляра АБИС | Книга |
Нет доступных экземпляров.